000 00189 a2200097 4500
020 _a9781585424337
041 _aspa
100 _aNapoleon Hill
245 _aThik and Grow Rich
942 _cBK
999 _c15210
_d15210